| 000 | 01031nas a2200349 4500 | ||
|---|---|---|---|
| 001 | BR0704843 | ||
| 003 | BR-BrBNA | ||
| 005 | 20231205110942.0 | ||
| 007 | ta | ||
| 008 | 230509b bl.|||p| |||| 00| 00por d | ||
| 040 |
_aBR-BrBNA _bpor _cBiblioteca Nacional de Agricultura |
||
| 041 | _a(Pt) | ||
| 072 | _aL53; L70 | ||
| 100 | 1 | _aSantos, M.H.B. | |
| 100 | 1 | _aAguiar Filho, C.R. | |
| 100 | 1 | _aFreitas Neto, L.M. | |
| 100 | 1 | _aSilva, S.R. | |
| 100 | 1 | _aFreitas, V.J.F. | |
| 100 | 1 | _aNeves, J.P. | |
| 100 | 1 | _aLima, P.F. | |
| 100 | 1 | _aOliveira, M.A.L. | |
| 245 | 1 | _aSexagem precoce de fetos caprinos da raça Toggenburg pela ultra-sonografia transretal | |
| 650 | _aCAPRINO | ||
| 650 | _aRAÇA | ||
| 650 | _aULTRA-SOM | ||
| 650 | _aDETERMINAÇÃO DE SEXO | ||
| 650 | _aAPARELHO REPRODUTOR | ||
| 773 | 0 |
_tMedicina Veterinaria (Brazil) _xISSN 1809-4678 _g(Jan-Jun 2007), v. 1(1) p. 48-54 _wBR0704843 |
|
| 856 | 4 | 0 | _dLink DSPACE/MAPA BR0704843 |
| 909 |
_a202311 _bLúcia _c55 _dLúcia Elande |
||
| 942 |
_2AGRIS _n0 _cANA |
||
| 999 |
_c189917 _d189917 |
||